Statistics for Top 3 Ballon d'Or Rankings Without Cristiano Ronaldo and Lionel Messi

Click here to take the quiz!

General Stats

  • This quiz has been taken 700 times
  • The average score is 35 of 42

Answer Stats

YearRankPlayerNationalityClub(s)Points% Correct
20153rdNeymarBrazilianBarcelona7.86%
93%
20135thNeymarBrazilianSantos/Barcelona3.17%
93%
20165thNeymarBrazilianBarcelona68
93%
20173rdNeymarBrazilianBarcelona/Paris Saint-Germain361
93%
20071stKakáBrazilianMilan445
91%
20175thLuka ModrićCroatianReal Madrid84
90%
20181stLuka ModrićCroatianReal Madrid753
90%
20212ndRobert LewandowskiPolishBayern Munich580
90%
20154thRobert LewandowskiPolishBayern Munich4.17%
90%
20094thAndrés IniestaSpanishBarcelona149
89%
20114thAndrés IniestaSpanishBarcelona6.01%
89%
20123rdAndrés IniestaSpanishBarcelona10.91%
89%
20102ndAndrés IniestaSpanishBarcelona17.36%
89%
20195thMohamed SalahEgyptianLiverpool178
89%
20085thXaviSpanishBarcelona97
89%
20093rdXaviSpanishBarcelona170
89%
20103rdXaviSpanishBarcelona16.48%
89%
20113rdXaviSpanishBarcelona9.23%
89%
20124thXaviSpanishBarcelona4.08%
89%
20214thKarim BenzemaFrenchReal Madrid239
88%
20164thLuis SuárezUruguayanBarcelona91
88%
20155thLuis SuárezUruguayanBarcelona3.38%
88%
20192ndVirgil van DijkDutchLiverpool679
88%
20183rdAntoine GriezmannFrenchAtlético Madrid414
86%
20163rdAntoine GriezmannFrenchAtlético Madrid198
86%
20184thKylian MbappéFrenchParis Saint-Germain347
86%
20194thSadio ManéSenegaleseLiverpool347
85%
20134thZlatan IbrahimovićSwedishParis Saint-Germain5.29%
83%
20133rdFranck RibéryFrenchBayern Munich23.36%
82%
20143rdManuel NeuerGermanBayern Munich15.72%
82%
20074thDidier DrogbaIvorianChelsea108
81%
20144thArjen RobbenDutchBayern Munich7.17%
78%
20145thThomas MüllerGermanBayern Munich5.42%
76%
20083rdFernando TorresSpanishLiverpool179
74%
20115thWayne RooneyEnglishManchester United2.31%
74%
20213rdJorginhoItalianChelsea460
72%
20174thGianluigi BuffonItalianJuventus221
71%
20095thSamuel Eto'oCameroonianBarcelona/Internazionale75
68%
20104thWesley SneijderDutchInternazionale14.48%
63%
20075thAndrea PirloItalianMilan41
50%
20084thIker CasillasSpanishReal Madrid133
47%
20125thRadamel FalcaoColombianAtlético Madrid3.67%
45%

Score Distribution

Percentile by Number Answered

Percent of People with Each Score

Your Score History

You have not taken this quiz